<?xml version="1.0" encoding="UTF-8"?>
<record
    xmlns:xsi="http://www.w3.org/2001/XMLSchema-instance"
    xsi:schemaLocation="http://www.loc.gov/MARC21/slim http://www.loc.gov/standards/marcxml/schema/MARC21slim.xsd"
    xmlns="http://www.loc.gov/MARC21/slim">

  <leader>00659nam a22001577a 4500</leader>
  <controlfield tag="003">OSt</controlfield>
  <controlfield tag="005">20190905132500.0</controlfield>
  <controlfield tag="008">190905b        xxu||||| |||| 00| 0 eng d</controlfield>
  <datafield tag="040" ind1=" " ind2=" ">
    <subfield code="c">RUA</subfield>
  </datafield>
  <datafield tag="082" ind1=" " ind2=" ">
    <subfield code="a">AGR KOU 2017 B646 Or.1</subfield>
  </datafield>
  <datafield tag="100" ind1=" " ind2=" ">
    <subfield code="9">13911</subfield>
    <subfield code="a">KOUY RAKSA &#x1782;&#x17BD;&#x1799; &#x179A;&#x1780;&#x17D2;&#x179F;&#x17B6;</subfield>
  </datafield>
  <datafield tag="245" ind1=" " ind2=" ">
    <subfield code="a">comparison of growth and yield on cucumber varieties in net house condition &#x1794;&#x17D2;&#x179A;&#x17C0;&#x1794;&#x1792;&#x17C0;&#x1794;&#x1796;&#x17BC;&#x1787;&#x178A;&#x17C6;&#x178E;&#x17B6;&#x17C6;&#x178F;&#x17D2;&#x179A;&#x179F;&#x1780;&#x17CB;&#x179B;&#x17BE;&#x1780;&#x17B6;&#x179A;&#x179B;&#x17BC;&#x178F;&#x179B;&#x17B6;&#x179F;&#x17CB;&#x1793;&#x17B7;&#x1784;&#x1791;&#x17B7;&#x1793;&#x17D2;&#x1793;&#x1795;&#x179B;&#x1780;&#x17D2;&#x1793;&#x17BB;&#x1784;&#x179B;&#x1780;&#x17D2;&#x1781;&#x178E;&#x17D2;&#x178C;&#x1795;&#x17D2;&#x1791;&#x17C7;&#x179F;&#x17C6;&#x178E;&#x17B6;&#x1789;</subfield>
  </datafield>
  <datafield tag="260" ind1=" " ind2=" ">
    <subfield code="a">RUA</subfield>
    <subfield code="b">phnom penh</subfield>
    <subfield code="c">2017</subfield>
  </datafield>
  <datafield tag="300" ind1=" " ind2=" ">
    <subfield code="a">xii;44p</subfield>
    <subfield code="b">ill;</subfield>
    <subfield code="c">29cm</subfield>
  </datafield>
  <datafield tag="942" ind1=" " ind2=" ">
    <subfield code="2">ddc</subfield>
    <subfield code="c">AGR</subfield>
  </datafield>
  <datafield tag="999" ind1=" " ind2=" ">
    <subfield code="c">18237</subfield>
    <subfield code="d">18237</subfield>
  </datafield>
  <datafield tag="952" ind1=" " ind2=" ">
    <subfield code="0">0</subfield>
    <subfield code="1">0</subfield>
    <subfield code="2">ddc</subfield>
    <subfield code="4">0</subfield>
    <subfield code="6">AGR_KOU_2017_000000000000000_B646_OR_1</subfield>
    <subfield code="7">0</subfield>
    <subfield code="9">81712</subfield>
    <subfield code="a">LBB</subfield>
    <subfield code="b">LBB</subfield>
    <subfield code="c">B646</subfield>
    <subfield code="d">2019-09-05</subfield>
    <subfield code="o">AGR KOU 2017 B646 Or.1</subfield>
    <subfield code="p">A43912</subfield>
    <subfield code="r">2019-09-05</subfield>
    <subfield code="w">2019-09-05</subfield>
    <subfield code="y">AGR</subfield>
  </datafield>
  <datafield tag="952" ind1=" " ind2=" ">
    <subfield code="0">0</subfield>
    <subfield code="1">0</subfield>
    <subfield code="2">ddc</subfield>
    <subfield code="4">0</subfield>
    <subfield code="6">AGR_KOU_2017_000000000000000_B646_OR_2</subfield>
    <subfield code="7">0</subfield>
    <subfield code="9">81713</subfield>
    <subfield code="a">LBB</subfield>
    <subfield code="b">LBB</subfield>
    <subfield code="c">B646</subfield>
    <subfield code="d">2019-09-05</subfield>
    <subfield code="o">AGR KOU 2017 B646 Or.2</subfield>
    <subfield code="p">A43902</subfield>
    <subfield code="r">2019-09-05</subfield>
    <subfield code="w">2019-09-05</subfield>
    <subfield code="y">AGR</subfield>
  </datafield>
  <datafield tag="952" ind1=" " ind2=" ">
    <subfield code="0">0</subfield>
    <subfield code="1">0</subfield>
    <subfield code="2">ddc</subfield>
    <subfield code="4">0</subfield>
    <subfield code="6">AGR_KOU_2017_000000000000000_B646_OR_3</subfield>
    <subfield code="7">0</subfield>
    <subfield code="9">81714</subfield>
    <subfield code="a">LBB</subfield>
    <subfield code="b">LBB</subfield>
    <subfield code="c">B646</subfield>
    <subfield code="d">2019-09-05</subfield>
    <subfield code="o">AGR KOU 2017 B646 Or.3</subfield>
    <subfield code="p">A43602</subfield>
    <subfield code="r">2019-09-05</subfield>
    <subfield code="w">2019-09-05</subfield>
    <subfield code="y">AGR</subfield>
  </datafield>
  <datafield tag="952" ind1=" " ind2=" ">
    <subfield code="0">0</subfield>
    <subfield code="1">0</subfield>
    <subfield code="2">ddc</subfield>
    <subfield code="4">0</subfield>
    <subfield code="6">AGR_KOU_2017_000000000000000_B646_OR_4</subfield>
    <subfield code="7">0</subfield>
    <subfield code="9">81715</subfield>
    <subfield code="a">LBB</subfield>
    <subfield code="b">LBB</subfield>
    <subfield code="c">B646</subfield>
    <subfield code="d">2019-09-05</subfield>
    <subfield code="l">1</subfield>
    <subfield code="o">AGR KOU 2017 B646 Or.4</subfield>
    <subfield code="p">A43972</subfield>
    <subfield code="r">2023-03-15</subfield>
    <subfield code="s">2023-02-14</subfield>
    <subfield code="w">2019-09-05</subfield>
    <subfield code="y">AGR</subfield>
  </datafield>
  <datafield tag="952" ind1=" " ind2=" ">
    <subfield code="0">0</subfield>
    <subfield code="1">0</subfield>
    <subfield code="2">ddc</subfield>
    <subfield code="4">0</subfield>
    <subfield code="6">AGR_KOU_2017_000000000000000_B646_OR_5</subfield>
    <subfield code="7">0</subfield>
    <subfield code="9">81716</subfield>
    <subfield code="a">LBB</subfield>
    <subfield code="b">LBB</subfield>
    <subfield code="c">B646</subfield>
    <subfield code="d">2019-09-05</subfield>
    <subfield code="o">AGR KOU 2017 B646 Or.5</subfield>
    <subfield code="p">A44047</subfield>
    <subfield code="r">2019-09-05</subfield>
    <subfield code="w">2019-09-05</subfield>
    <subfield code="y">AGR</subfield>
  </datafield>
  <datafield tag="952" ind1=" " ind2=" ">
    <subfield code="0">0</subfield>
    <subfield code="1">0</subfield>
    <subfield code="2">ddc</subfield>
    <subfield code="4">0</subfield>
    <subfield code="6">AGR_KOU_2017_000000000000000_B646_OR_6</subfield>
    <subfield code="7">0</subfield>
    <subfield code="9">81717</subfield>
    <subfield code="a">LBB</subfield>
    <subfield code="b">LBB</subfield>
    <subfield code="c">B646</subfield>
    <subfield code="d">2019-09-05</subfield>
    <subfield code="o">AGR KOU 2017 B646 Or.6</subfield>
    <subfield code="p">A43752</subfield>
    <subfield code="r">2019-09-05</subfield>
    <subfield code="w">2019-09-05</subfield>
    <subfield code="y">AGR</subfield>
  </datafield>
</record>
